Scooby Doo Characters Sudden Death - Statistics

General Stats
  • This quiz has been taken 159 times
  • The average score is 10 of 18
Answers on the Grid
Answers color-coded by a green-red scale on the quiz's grid according to % correct below.
Flim Flam
Indigo Ladlesworth
Shaggy Rogers
Fred Jones
The Trixie Pixies
The Ghost of Sarah Ravencroft
Cassidy Williams
Daphne Blake
The Creeper
Scooby Doo
Velma Dinkley
The Diamanté Doppleganger
Morgan Moonscar
Spooky Sally
The Abominable Snowman
Professor Pericles
Zombetty
The Hex Girls
The Tarantula Banshee
The Mummy of Ankha
Melbourne O'Reilly
The Phantom Virus
Space Kook
Gramps the Vamp
 
Answer Stats
Answer % Correct
Scooby Doo
92%
Shaggy Rogers
88%
Fred Jones
87%
Daphne Blake
86%
Velma Dinkley
86%
The Hex Girls
67%
The Abominable Snowman
63%
The Creeper
56%
Space Kook
54%
The Mummy of Ankha
51%
The Phantom Virus
50%
Professor Pericles
49%
The Ghost of Sarah Ravencroft
44%
Cassidy Williams
43%
Flim Flam
33%
Melbourne O'Reilly
29%
Morgan Moonscar
29%
Gramps the Vamp
19%
No matching quizzes found
Score Distribution
Percent of People with Each Score
Percentile by Number Answered
Your Score History
You have not taken this quiz